Footballeurs par lettre I - Statistiques

Statistiques générales
  • Ce quiz a été pris 111 fois
  • Le résultat moyen est 10 sur 16
Statistiques - réponses
Par images Réponse % Correct
Ibrahimovic
100%
Iniesta
100%
Icardi
98%
Isak
95%
Insigne
92%
Isco
92%
Immobile
91%
Ilicic
57%
Ismaily
55%
Iwobi
55%
Ings
48%
Illarramendi
47%
Iheanacho
42%
Inler
22%
17%
Izquierdo
12%
Aucun quiz correspondant
Distribution des résultats
% des personnes avec chaque résultat
Percentile par nombre de réponses
Votre historique - résultats
Vous n’avez pas pris ce quiz